00528nam a2200181u 45000010008000000030004000080050017000120080041000290100017000700400019000870500019001060820015001251000045001402450049001852600040002343000011002746000061002856484940OSt20180829203337.0810311s1948 enk 000 0beng  a 49019145  aDLCcCarPdDLC00aBV3271.J81bP5 a266bP685A1 aPitman, Emma Raymond. [from old catalog]00aAnn H. Judson, missionary heroine of Burma.  aLondon,bPickering & Inglisc[1948] ap. cm.10aJudson, Ann (Hasseltine),d1789-1826. [from old catalog]